000 02353nam a22002537a 4500
001 10154
003 FISKH
005 20260428112118.0
008 260428b cb ||||| |||| 00| 0 eng d
020 _a9789924342267
040 _aFISKH
_bkhr
_cFISKH
_dFISKH
082 _a649.1
100 _aRotana , Lach
245 _a៩ គន្លឺះសម្រាប់ត្រៀមខ្លួនក្លាយជាឪពុកម្តាយគេ /
_cអ្នកនិពន្ធ ឡាច រតនា​
260 _aPhnom Penh :
_bSipar ,
_c2025 .
300 _a50 pages :
_bcolor illustrations ;
_c21 cm .
490 _aបំនិនជីវិត
520 _aការក្លាយជាឪពុកម្តាយជារបត់មួយយ៉ាងធំក្នុងជីវិត ដែលតម្រូវអោយមានការត្រៀមលក្ខណះច្រើន ទាំងផ្លូវកាយ ផ្លូវចិត្ត និងថវិការ ។ សៀវភៅនេះមិនត្រឹមតែបង្រៀនអោយម្តាយឪពុកចេះស្រឡាញ់កូនតែម្យ៉ាងប៉ុណ្ណោះទេ ប៉ុន្តែមានពន្យល់របៀបរបបជាច្រើនទៀតដើម្បីមើលថែអោយកូនលូតលាស់ទាំងរាងកាយ និងប្រាជ្ញាស្មារតី ព្រមទាំងបង្ហាញគន្លឺះចាំបាច់សម្រាប់ការចិញ្ចឹមកូនប្រកបដោយភាពវិជ្ជមាននិងស្រមតាមសម័យកាលជឿនលឿននៃពិភពលោក​ ។
520 _aBecoming a parent is a major turning point in life that requires thorough preparation—physically, mentally, and financially. This book not only teaches parents how to love their children, but also explains many practical approaches to care for them so they can grow both physically and intellectually. It also provides essential tips for raising children in a positive way that aligns with the modern, rapidly advancing world.
650 _aការចិញ្ចឹមកូន
650 _aChild rearing
942 _2ddc
_cKHB
_n0
999 _c10154
_d10154